[Event "World Corporate West B"]
[Site "Chess.com INT"]
[Date "2021.02.21"]
[Round "4.3"]
[White "Tulchinskiy, Mark"]
[Black "Song, Ziyuan"]
[Result "0-1"]
[WhiteElo "1842"]
[BlackElo "2138"]
[PlyCount "68"]
[EventDate "2021.02.20"]
[EventType "team (rapid)"]
[EventRounds "7"]
[EventCountry "USA"]
[SourceTitle "CBM 200 Extra"]
[Source "ChessBase"]
[SourceDate "2021.03.31"]
[SourceVersion "1"]
[SourceVersionDate "2021.03.31"]
[SourceQuality "1"]
[WhiteTeam "IQVIA"]
[BlackTeam "Deloitte New York"]
[WhiteTeamCountry "USA"]
[BlackTeamCountry "USA"]

1. e4 c5 2. Nf3 Nc6 3. d4 cxd4 4. Nxd4 e6 5. c4 Nf6 6. Nc3 Bb4 7. Nxc6 bxc6 8. Qc2 d5 9. e5 Ng4 10. Bf4 f6 11. Qe2 Nxe5 12. Bxe5 fxe5 13. Qxe5 0-0 14. Bd3 d4 15. a3 dxc3 16. axb4 Qxd3 17. Rd1 Qxc4 18. bxc3 Ba6 19. Rd6 Rf6 20. f3 Raf8 21. h4 Qa2 22. Rh2 Qc4 23. Rh1 Bb5 24. h5 h6 25. Kf2 Qa2+ 26. Kg3 Be2 27. Rd7 Bxf3 28. Rh2 Bd5 29. Kh3 Qf2 30. Qg3 Qxg3+ 31. Kxg3 R8f7 32. Rd8+ Kh7 33. Rh4 Rf2 34. Rh2 Rc2 0-1

[Event "World Corporate West B"]
[Site "Chess.com INT"]
[Date "2021.02.20"]
[Round "1.3"]
[White "Tulchinskiy, Mark"]
[Black "Costianosky, Ricardo"]
[Result "1-0"]
[WhiteElo "1842"]
[BlackElo "2128"]
[PlyCount "67"]
[EventDate "2021.02.20"]
[EventType "team (rapid)"]
[EventRounds "7"]
[EventCountry "USA"]
[SourceTitle "CBM 200 Extra"]
[Source "ChessBase"]
[SourceDate "2021.03.31"]
[SourceVersion "1"]
[SourceVersionDate "2021.03.31"]
[SourceQuality "1"]
[WhiteTeam "IQVIA"]
[BlackTeam "Sun Distribution"]
[WhiteTeamCountry "USA"]
[BlackTeamCountry "URU"]

1. e4 d5 2. exd5 Qxd5 3. Nc3 Qd8 4. d4 Nf6 5. Nf3 Bg4 6. h3 Bf5 7. g4 Bg6 8. Ne5 Nbd7 9. Qe2 e6 10. h4 Bb4 11. Bg2 Nxe5 12. dxe5 Nd5 13. Bd2 Bxc3 14. bxc3 h5 15. c4 Ne7 16. Bg5 Qd4 17. Rd1 Qxg4 18. Bf3 Qf5 19. Bxb7 Rb8 20. Bg2 Qxc2 21. Qf3 Nf5 22. Qc6+ Kf8 23. Qxc7 Qc3+ 24. Kf1 Re8 25. Kg1 Kg8 26. Rd8 Kh7 27. Rxe8 Rxe8 28. Kh2 Nd4 29. Qd7 Rb8 30. Qxa7 Rb2 31. Be3 Nf5 32. Re1 Qxc4 33. Qa3 Qxh4+ 34. Kg1 1-0